[Event "35. Abierto Ciudad de Sevilla 2010"]
[Site "Sevilla ESP"]
[Date "2010.01.16"]
[Round "9.15"]
[White "Melero Fidalgo, Juan De Dios"]
[Black "Blanco, Cristobal J"]
[Result "0-1"]
[WhiteElo "2162"]
[BlackElo "2379"]
[PlyCount "66"]
[EventDate "2010.01.08"]
[EventType "swiss"]
[EventRounds "9"]
[EventCountry "ESP"]
[Source "lmi"]
[SourceDate "2010.01.08"]

1. d4 Nf6 2. c4 e6 3. Nf3 b6 4. e3 Ba6 5. Bd3 Bb4+ 6. Nbd2 O-O 7. a3 Be7 8. g4
Nxg4 9. Rg1 f5 10. b4 Bh4 11. Nxh4 Qxh4 12. Qf3 Bb7 13. e4 Nxf2 14. Qxf2 Qxf2+
15. Kxf2 fxe4+ 16. Ke3 exd3 17. Kxd3 Nc6 18. Bb2 d5 19. b5 Ne7 20. c5 c6 21. a4
Ng6 22. Rg3 Rf2 23. h3 Raf8 24. a5 bxc5 25. dxc5 cxb5 26. Bd4 Rh2 27. c6 Bxc6
28. Bxa7 e5 29. Rc1 Bd7 30. Nf3 e4+ 31. Kd4 exf3 32. Rxg6 hxg6 33. Rc8 Bxc8 0-1

[Event "35. Abierto Ciudad de Sevilla 2010"]
[Site "Sevilla ESP"]
[Date "2010.01.16"]
[Round "9.16"]
[White "Lanzani, Mario"]
[Black "Weber, Francois"]
[Result "1-0"]
[WhiteElo "2369"]
[BlackElo "2149"]
[PlyCount "53"]
[EventDate "2010.01.08"]
[EventType "swiss"]
[EventRounds "9"]
[EventCountry "ESP"]
[Source "lmi"]
[SourceDate "2010.01.08"]

1. Nf3 f5 2. g3 Nf6 3. Bg2 g6 4. O-O Bg7 5. d4 O-O 6. Nc3 d5 7. Bf4 c6 8. a4 a5
9. Qd2 Re8 10. Rab1 Na6 11. Rfd1 Nb4 12. Ra1 Qb6 13. Qc1 Bd7 14. Nb1 Rac8 15.
Nbd2 Nh5 16. Nb3 Nxf4 17. gxf4 Na6 18. Qd2 Nb4 19. e3 Be6 20. Nc5 Bf7 21. Bf1
Na6 22. Bxa6 bxa6 23. Ra3 Qxb2 24. Rb3 Qa2 25. Qc3 Rb8 26. Ra1 Rxb3 27. Nxb3
1-0

[Event "35. Abierto Ciudad de Sevilla 2010"]
[Site "Sevilla ESP"]
[Date "2010.01.16"]
[Round "9.19"]
[White "Durao, Joaquim"]
[Black "Fernandez Troncoso, Francisco"]
[Result "1-0"]
[WhiteElo "2043"]
[BlackElo "2213"]
[PlyCount "118"]
[EventDate "2010.01.08"]
[EventType "swiss"]
[EventRounds "9"]
[EventCountry "ESP"]
[Source "lmi"]
[SourceDate "2010.01.08"]

1. e4 d6 2. d4 Nf6 3. f3 g6 4. c4 Bg7 5. Nc3 O-O 6. Be3 b6 7. Nge2 c5 8. Qd2
Nc6 9. h4 h5 10. O-O-O Ba6 11. b3 e5 12. d5 Nd4 13. Bh6 Bc8 14. Nxd4 cxd4 15.
Na4 Bd7 16. Nb2 a6 17. Nd3 Qe7 18. Bxg7 Kxg7 19. Qg5 Rfe8 20. Kb1 b5 21. cxb5
axb5 22. Be2 Qd8 23. Qd2 Qb6 24. Rc1 Ra3 25. Rc2 Rea8 26. Rhc1 R8a7 27. Nb4 Qa5
28. Rb2 Qd8 29. Nc6 Bxc6 30. dxc6 d5 31. Bd3 Qd6 32. Qc2 dxe4 33. fxe4 Rc7 34.
Qc5 Qxc5 35. Rxc5 Ra8 36. Rbc2 Rac8 37. b4 Ng4 38. Bxb5 Ne3 39. Rd2 Kf6 40. Ba6
Rb8 41. b5 Ke6 42. a4 Kd6 43. Rc1 f5 44. Bb7 fxe4 45. a5 Rbxb7 46. cxb7 Rxb7
47. Rb2 Nd5 48. a6 Rf7 49. b6 Nc3+ 50. Rxc3 dxc3 51. b7 Rf1+ 52. Kc2 cxb2 53.
b8=Q+ Kc6 54. Qb7+ Kc5 55. a7 b1=Q+ 56. Qxb1 Rxb1 57. Kxb1 Kd4 58. a8=Q Ke3 59.
Qa2 Kd3 1-0

[Event "35. Abierto Ciudad de Sevilla 2010"]
[Site "Sevilla ESP"]
[Date "2010.01.16"]
[Round "9.21"]
[White "Ivanov, Jordan"]
[Black "Perera Casiñas, Antonio"]
[Result "1-0"]
[WhiteElo "2409"]
[BlackElo "2076"]
[PlyCount "39"]
[EventDate "2010.01.08"]
[EventType "swiss"]
[EventRounds "9"]
[EventCountry "ESP"]
[Source "lmi"]
[SourceDate "2010.01.08"]

1. d4 Nf6 2. c4 c5 3. d5 e6 4. Nc3 exd5 5. cxd5 d6 6. e4 g6 7. Bd3 Bg7 8. h3
O-O 9. Nf3 a6 10. a4 Re8 11. O-O c4 12. Bxc4 Nxe4 13. Nxe4 Rxe4 14. Bg5 Qb6 15.
Bd3 Rb4 16. a5 Qa7 17. Qe1 Rb3 18. Qe8+ Bf8 19. Bh6 Nd7 20. Ng5 1-0

[Event "35. Abierto Ciudad de Sevilla 2010"]
[Site "Sevilla ESP"]
[Date "2010.01.16"]
[Round "9.22"]
[White "Cabrera Trujillo, Jorge Juan"]
[Black "Barrera Martinez, Francisco"]
[Result "1-0"]
[WhiteElo "2384"]
[BlackElo "2073"]
[PlyCount "83"]
[EventDate "2010.01.08"]
[EventType "swiss"]
[EventRounds "9"]
[EventCountry "ESP"]
[Source "lmi"]
[SourceDate "2010.01.08"]

1. e4 e5 2. Nf3 Nc6 3. Bb5 a6 4. Ba4 Nf6 5. d3 b5 6. Bb3 Bb7 7. a4 Be7 8. Bd2
O-O 9. Na3 b4 10. Nc4 d6 11. O-O a5 12. Ne3 Bc8 13. c3 Rb8 14. Bc4 h6 15. Qe1
Nh7 16. Bd5 bxc3 17. Bxc6 cxd2 18. Qxd2 Ng5 19. Nxg5 Bxg5 20. Qxa5 Bxe3 21.
fxe3 Rxb2 22. Qc3 Re2 23. Rfe1 Rxe1+ 24. Rxe1 Ba6 25. Qb3 Qb8 26. Rb1 Qa7 27.
Kf2 Kh8 28. Ke2 Qc5 29. Bd5 f6 30. Kd2 Qa7 31. Qb4 Bc8 32. a5 f5 33. exf5 Rxf5
34. Ke2 Rf8 35. Bf3 Ba6 36. Rb2 Rd8 37. Bc6 Rf8 38. Bf3 Re8 39. Qe4 Rf8 40. Qg6
c5 41. Be4 Kg8 42. Qxd6 1-0

[Event "35. Abierto Ciudad de Sevilla 2010"]
[Site "Sevilla ESP"]
[Date "2010.01.16"]
[Round "9.23"]
[White "Hamdouchi, Adina-Maria"]
[Black "Fernandez Ruiz, Manuel"]
[Result "1-0"]
[WhiteElo "2295"]
[BlackElo "2062"]
[PlyCount "73"]
[EventDate "2010.01.08"]
[EventType "swiss"]
[EventRounds "9"]
[EventCountry "ESP"]
[Source "lmi"]
[SourceDate "2010.01.08"]

1. Nf3 Nf6 2. g3 g6 3. b3 Bg7 4. Bb2 d6 5. d4 c6 6. Bg2 O-O 7. Nbd2 Qa5 8. O-O
Qh5 9. e4 Bh3 10. Re1 Bxg2 11. Kxg2 Nbd7 12. Nf1 Rfe8 13. e5 dxe5 14. dxe5 Nd5
15. c4 N5b6 16. Qe2 Nc5 17. Rad1 Rad8 18. Ne3 Ne6 19. h4 Nd7 20. Rd2 Ndc5 21.
Rxd8 Rxd8 22. Rd1 Nd7 23. Kf1 Bf8 24. b4 Nb6 25. Rxd8 Nxd8 26. Qd1 Ne6 27. Bc1
g5 28. c5 Nd5 29. Nxd5 cxd5 30. Qxd5 Qg4 31. a3 gxh4 32. Nxh4 Nd4 33. Kg2 Nc6
34. Bf4 Bg7 35. b5 e6 36. Qd7 Nxe5 37. Qd8+ 1-0

[Event "35. Abierto Ciudad de Sevilla 2010"]
[Site "Sevilla ESP"]
[Date "2010.01.16"]
[Round "9.24"]
[White "Scharrer, Patrick"]
[Black "Gavira Galocha, Antonio Jesus"]
[Result "1-0"]
[WhiteElo "2289"]
[BlackElo "2042"]
[PlyCount "44"]
[EventDate "2010.01.08"]
[EventType "swiss"]
[EventRounds "9"]
[EventCountry "ESP"]
[Source "lmi"]
[SourceDate "2010.01.08"]

1. e4 e6 2. d3 c5 3. Nf3 Nc6 4. g3 d5 5. Qe2 d4 6. Bg2 e5 7. O-O Bd6 8. Na3
Nge7 9. Nh4 Be6 10. f4 f6 11. Nf5 O-O 12. Qg4 Bxf5 13. exf5 exf4 14. Bxf4 Bxf4
15. Qxf4 Nd5 16. Bxd5+ Qxd5 17. Nb5 Rac8 18. g4 a6 19. Nc7 Rxc7 20. Qxc7 Ne5
21. Rae1 Nf3+ 22. Kf2 Nxh2 1-0

[Event "35. Abierto Ciudad de Sevilla 2010"]
[Site "Sevilla ESP"]
[Date "2010.01.16"]
[Round "9.25"]
[White "Aranaz Murillo, Amalia"]
[Black "Carretero Ortiz, Francisco"]
[Result "0-1"]
[WhiteElo "2057"]
[BlackElo "2243"]
[PlyCount "106"]
[EventDate "2010.01.08"]
[EventType "swiss"]
[EventRounds "9"]
[EventCountry "ESP"]
[Source "lmi"]
[SourceDate "2010.01.08"]

1. Nf3 Nc6 2. d4 d5 3. c4 e5 4. dxe5 Bb4+ 5. Bd2 dxc4 6. e3 Be6 7. Qc2 Qe7 8.
Bxc4 Bxc4 9. Qxc4 O-O-O 10. O-O Bxd2 11. Nbxd2 Nxe5 12. Nxe5 Qxe5 13. Nf3 Qf6
14. Rac1 Rd7 15. Qa4 a6 16. b4 Ne7 17. b5 Rhd8 18. bxa6 Qxa6 19. Qc2 Ng6 20.
Rb1 Rd5 21. Rfc1 R8d7 22. h3 Ra5 23. Rb2 Qd3 24. Nd4 Ne5 25. Rcb1 Qxc2 26. Rxc2
Rdd5 27. f4 Nd3 28. g3 Rdc5 29. Rxc5 Nxc5 30. Rb5 Rxb5 31. Nxb5 Kd7 32. Nd4 Ne4
33. Kg2 c5 34. Nc2 Kc6 35. Kf3 Kd5 36. g4 Nc3 37. a3 b5 38. h4 Kc4 39. e4 Kd3
40. Ne1+ Kd2 41. Ng2 Nb1 42. e5 Nxa3 43. Ne3 b4 44. f5 Nb5 45. g5 Kd3 46. h5 b3
47. Nd1 Nd4+ 48. Kf4 c4 49. e6 Nxe6+ 50. fxe6 fxe6 51. Ke5 c3 52. Nxc3 Kxc3 53.
Kxe6 b2 0-1